Методика "Исключение предметов" (Запис № 339820)

МАРК-запис
000 -Лідер
fixed length control field 00647nam a22002417a 4500
003 - Ідентифікатор контрольного номера
control field UA-OsUOA
001 - Контрольний номер
control field 53733
007 - Фіксоване поле фізичного опису
fixed length control field ta
008 - Елементи даних фіксованої довжини – загальна інформація
fixed length control field 20080417b un ||||| |||| 00| 0 ukr d
090 ## - Локальний шифр розміщення
Класифікаційний індекс УДК 159.98
Авторський знак (НП) С55
040 ## - Джерело каталогізації
Агенція оригінальної каталогізації UA-OsUOA
Мова каталогізації rus
Агенція, яка здійснювала перезапис UA-OsUOA
Агенція, яка здійснювала модифікацію UA-OsUOA
041 ## - Код мови
Код мови тексту/ звукової доріжки чи окремого заголовка (П) rus
080 ## - Індекс Універсальної десяткової класифікації
Індекс Універсальної десяткової класифікації (УДК) (НП) 159.98
020 ## - Міжнародний стандартний книжковий номер (ISBN)
Міжнародний стандартний книжковий номер (ISBN) (НП) 5-9268-0148-6
100 ## - Основне введення – ім’я особи
Ім’я особи (НП) Собчик Л. Н.
245 ## - Відомості про назву
Назва (НП) Методика "Исключение предметов"
Решта назви (НП) Практическое руководство
260 ## - Публікація, розповсюдження і т.п. (Вихідні дані)
Місце публікації, розповсюдження і т.п. (П) СПб
Ім’я/ наймення видавництва, розповсюджувача і т.п. (П) Речь
Дата публікації, розповсюдження і т.п. (П) 2007
300 ## - Фізичний опис
Обсяг 50 с.
650 #7 - Додаткове предметне введення – тематичний термін
Тематичний термін чи географічна назва, як елемент введення (НП) 159.9 Психологія
Джерело заголовка чи терміна UDC
942 ## - Додаткові елементи входу (Коха)
Тип елемента Koha Книги
955 ## - Код типу видання за змістом
Код типу видання за змістом (НП) Навчальні видання
Фонди
Стан вилучень Стан втрат Джерело класифікації або схеми стелажів Стан уражень Не для кредиту Постійне місце розташування Поточне розміщення Дата придбання Джерело придбання Вартість, звичайна ціна покупки Інвентарний номер Усього замовленно Повний номер виклику Штрих-код Дата останнього перегляду Ціна ефективна від Тип елемента Koha
    Universal Decimal Classification     ЧЗ - Читальна зала ЧЗ - Читальна зала 17/04/2008 49/2008 39.60 113050   159.98 С55 113050 09/02/2022 17/04/2008 Книги
    Universal Decimal Classification     ЧЗ - Читальна зала ЧЗ - Читальна зала 17/04/2008 49/2008 39.60 113051   159.98 С55 113051 09/02/2022 17/04/2008 Книги
    Universal Decimal Classification     ЧЗ - Читальна зала ЧЗ - Читальна зала 17/04/2008 49/2008 39.60 113052   159.98 С55 113052 09/02/2022 17/04/2008 Книги
    Universal Decimal Classification     ЧЗ - Читальна зала ЧЗ - Читальна зала 17/04/2008 49/2008 39.60 113053   159.98 С55 113053 09/02/2022 17/04/2008 Книги
    Universal Decimal Classification     ЧЗ - Читальна зала ЧЗ - Читальна зала 17/04/2008 49/2008 39.60 113054   159.98 С55 113054 09/02/2022 17/04/2008 Книги